| 000 | 00495nam a2200181Ia 4500 | ||
|---|---|---|---|
| 001 | 11387 | ||
| 005 | 20260306162824.0 | ||
| 008 | 260306t2016||||xx |||||||||||||| ||spa|| | ||
| 041 | _aESP | ||
| 082 |
_a985.04 _bL81 |
||
| 100 |
_aLoayza Pérez, Alex, _eAUT |
||
| 245 | 0 | _aLa independencia peruana como representación. Historiografía, conmemoración y escultura pública | |
| 260 | _c2016 | ||
| 300 |
_a397 hojas : _c23 cm. |
||
| 650 | _aGEN | ||
| 654 | _aCHU | ||
| 942 |
_cLIB _dJUS _fJUS _2ddc _n |
||
| 999 |
_c11387 _d11387 |
||